[Event "Penang op 10th"]
[Site "Penang"]
[Date "2018.12.06"]
[Round "6"]
[White "Doshi, Devansh Sanjay"]
[Black "Sakthivel, Heamish Kanha"]
[Result "1/2-1/2"]
[WhiteElo "1664"]
[BlackElo "1339"]
[PlyCount "51"]
[EventDate "2018.12.03"]
[EventType "swiss"]
[EventRounds "9"]
[EventCountry "MAS"]
[SourceTitle "CBM 187 Extra"]
[Source "ChessBase"]
[SourceDate "2018.11.04"]
[SourceVersion "1"]
[SourceVersionDate "2018.11.04"]
[SourceQuality "1"]

1. e4 c5 2. Nf3 d6 3. d4 cxd4 4. Nxd4 Nf6 5. Nc3 a6 6. f3 e6 7. Bc4 Be7 8. Be3 0-0 9. Qd2 b5 10. Bb3 Bb7 11. 0-0-0 Nbd7 12. a3 Ne5 13. g4 Nc4 14. Bxc4 bxc4 15. h4 d5 16. e5 Nd7 17. Bf4 Qa5 18. Nb1 Qxd2+ 19. Kxd2 Nc5 20. Nc3 Rfd8 21. Ke2 Rac8 22. g5 g6 23. h5 Kg7 24. hxg6 hxg6 25. Rh2 Rh8 26. Rdh1 1/2-1/2

[Event "Penang op 10th"]
[Site "Penang"]
[Date "2018.12.05"]
[Round "5"]
[White "Chin, Fong Stephen"]
[Black "Doshi, Devansh Sanjay"]
[Result "1-0"]
[WhiteElo "2032"]
[BlackElo "1664"]
[PlyCount "55"]
[EventDate "2018.12.03"]
[EventType "swiss"]
[EventRounds "9"]
[EventCountry "MAS"]
[SourceTitle "CBM 187 Extra"]
[Source "ChessBase"]
[SourceDate "2018.11.04"]
[SourceVersion "1"]
[SourceVersionDate "2018.11.04"]
[SourceQuality "1"]

1. Nf3 Nf6 2. g3 g6 3. Bg2 d6 4. 0-0 Bg7 5. d4 c6 6. c4 0-0 7. Nc3 Nbd7 8. h3 Qc7 9. e4 e5 10. Be3 b6 11. Qc2 Bb7 12. Rad1 Rfe8 13. Rd2 Rad8 14. Rfd1 h6 15. b3 a6 16. Kh2 b5 17. c5 dxc5 18. dxe5 Nxe5 19. Bxc5 Nxf3+ 20. Bxf3 Bf8 21. Bxf8 Kxf8 22. Rxd8 Rxd8 23. Rxd8+ Qxd8 24. e5 Nd5 25. Ne4 Qe7 26. Nd6 Ba8 27. Bxd5 Qxe5 28. Bxc6 1-0

[Event "Penang op 10th"]
[Site "Penang"]
[Date "2018.12.04"]
[Round "2"]
[White "Sun, Chao"]
[Black "Doshi, Devansh Sanjay"]
[Result "1-0"]
[WhiteElo "2110"]
[BlackElo "1664"]
[PlyCount "71"]
[EventDate "2018.12.03"]
[EventType "swiss"]
[EventRounds "9"]
[EventCountry "MAS"]
[SourceTitle "CBM 187 Extra"]
[Source "ChessBase"]
[SourceDate "2018.11.04"]
[SourceVersion "1"]
[SourceVersionDate "2018.11.04"]
[SourceQuality "1"]

1. Nf3 Nf6 2. c4 g6 3. b3 d6 4. d4 Bg7 5. Bb2 0-0 6. g3 c6 7. Bg2 Qc7 8. 0-0 Nbd7 9. Nc3 Re8 10. e4 e5 11. h3 Nf8 12. d5 c5 13. Ne1 g5 14. Nd3 Ng6 15. f4 gxf4 16. gxf4 a6 17. f5 Ne7 18. Bc1 h6 19. Qe1 Kh7 20. Qh4 Neg8 21. Kh1 Qe7 22. Bg5 b5 23. Bf3 bxc4 24. bxc4 Rb8 25. Rab1 Bd7 26. Rbe1 Rb7 27. Rf2 Reb8 28. Rg1 Qf8 29. Rfg2 Bh8 30. Bc1 Be8 31. Be2 Qe7 32. Qg3 Bd7 33. Ne1 Rb4 34. Qf2 a5 35. Nf3 a4 36. Qh4 1-0

[Event "Penang op 8th"]
[Site "Penang"]
[Date "2016.12.10"]
[Round "9"]
[White "Doshi, Devansh Sanjay"]
[Black "Shravann, Suryaa VP"]
[Result "1-0"]
[WhiteElo "1535"]
[BlackElo "1142"]
[PlyCount "57"]
[EventDate "2016.12.05"]
[EventType "swiss"]
[EventRounds "9"]
[EventCountry "MAS"]
[SourceTitle "CBM 176 Extra"]
[Source "ChessBase"]
[SourceDate "2017.03.02"]
[SourceVersion "1"]
[SourceVersionDate "2017.03.02"]
[SourceQuality "1"]

1. e4 c5 2. Nf3 Nc6 3. d4 cxd4 4. Nxd4 g6 5. Nc3 Bg7 6. Be3 d6 7. Bc4 Nf6 8. Bb3 0-0 9. h3 e6 10. 0-0 Qe7 11. Qd2 Rd8 12. Bg5 Nxd4 13. Qxd4 e5 14. Qd3 Be6 15. Qe3 a6 16. f4 Bxb3 17. axb3 Qd7 18. fxe5 Ne8 19. Bxd8 Rxd8 20. exd6 Qxd6 21. Qf3 Qf6 22. Rad1 Qxf3 23. gxf3 Rxd1 24. Rxd1 Bxc3 25. bxc3 Kf8 26. Rd7 Nf6 27. Rxb7 Ke8 28. Ra7 h5 29. Rxa6 1-0

[Event "Penang op 8th"]
[Site "Penang"]
[Date "2016.12.09"]
[Round "8"]
[White "Tan, Zhong Kai"]
[Black "Doshi, Devansh Sanjay"]
[Result "1-0"]
[WhiteElo "1858"]
[BlackElo "1535"]
[PlyCount "49"]
[EventDate "2016.12.05"]
[EventType "swiss"]
[EventRounds "9"]
[EventCountry "MAS"]
[SourceTitle "CBM 176 Extra"]
[Source "ChessBase"]
[SourceDate "2017.03.02"]
[SourceVersion "1"]
[SourceVersionDate "2017.03.02"]
[SourceQuality "1"]

1. Nf3 Nf6 2. c4 g6 3. d4 d6 4. g3 Bg7 5. Bg2 0-0 6. 0-0 Nbd7 7. Nc3 c6 8. e4 e5 9. h3 Re8 10. Re1 Qc7 11. Be3 a6 12. Rc1 exd4 13. Nxd4 c5 14. Nc2 Ne5 15. b3 Bd7 16. f4 Nc6 17. Nd5 Nxd5 18. cxd5 Na5 19. b4 Nc4 20. bxc5 dxc5 21. e5 Rab8 22. Bf2 b5 23. Ne3 Nxe3 24. Bxe3 c4 25. d6 1-0

[Event "Penang op 8th"]
[Site "Penang"]
[Date "2016.12.07"]
[Round "4"]
[White "Vakhidov, Daler"]
[Black "Doshi, Devansh Sanjay"]
[Result "1-0"]
[WhiteElo "1983"]
[BlackElo "1535"]
[PlyCount "53"]
[EventDate "2016.12.05"]
[EventType "swiss"]
[EventRounds "9"]
[EventCountry "MAS"]
[SourceTitle "CBM 176 Extra"]
[Source "ChessBase"]
[SourceDate "2017.03.02"]
[SourceVersion "1"]
[SourceVersionDate "2017.03.02"]
[SourceQuality "1"]

1. d4 g6 2. Nf3 Nf6 3. c4 Bg7 4. g3 0-0 5. Bg2 d6 6. 0-0 c6 7. Nc3 Qa5 8. e4 Qh5 9. Ng5 Qxd1 10. Rxd1 e5 11. d5 cxd5 12. cxd5 Bd7 13. f4 Nh5 14. fxe5 Bxe5 15. Nf3 f6 16. Be3 Na6 17. Rac1 b6 18. Bf1 Nc5 19. b4 Bxc3 20. bxc5 Bb4 21. c6 Bg4 22. Bg2 Rac8 23. Rc4 Bc5 24. Bxc5 bxc5 25. Ra4 Rc7 26. Rb1 f5 27. e5 1-0

[Event "Penang op-A 5th"]
[Site "Penang"]
[Date "2013.12.12"]
[Round "6"]
[White "Doshi, Devansh Sanjay"]
[Black "Masters, Christopher"]
[Result "0-1"]
[WhiteElo "1489"]
[BlackElo "1759"]
[PlyCount "88"]
[EventDate "2013.12.09"]
[EventType "swiss"]
[EventRounds "9"]
[EventCountry "MAS"]
[SourceTitle "CBM 157 Extra"]
[Source "ChessBase"]
[SourceDate "2013.12.19"]
[SourceVersion "1"]
[SourceVersionDate "2013.12.19"]
[SourceQuality "1"]

1. e4 c5 2. Nf3 d6 3. d3 Nc6 4. g3 g6 5. Nbd2 Bg7 6. Bg2 Nf6 7. 0-0 0-0 8. Re1 Qc7 9. Nf1 e5 10. c3 Re8 11. a3 Rb8 12. Bd2 b6 13. b4 Ba6 14. Qb1 b5 15. Qd1 Nd7 16. Ne3 Nb6 17. h4 Rbd8 18. Qc1 Qd7 19. c4 Nd4 20. Nxd4 cxd4 21. Nd5 bxc4 22. dxc4 Nxd5 23. cxd5 Rc8 24. Qd1 Bd3 25. Bg5 Bc2 26. Qd2 Ba4 27. Rac1 f6 28. Bh6 Bxh6 29. Qxh6 Bc2 30. Qd2 Qa4 31. Bh3 Rc4 32. Be6+ Kg7 33. h5 g5 34. Kg2 h6 35. f4 Re7 36. fxe5 fxe5 37. Qf2 Bxe4+ 38. Kh3 Rc2 39. Rxc2 Qxc2 40. Qf1 Qd3 41. Qxd3 Bxd3 42. g4 Rc7 43. a4 Bc2 44. a5 d3 0-1

[Event "Penang op-A 5th"]
[Site "Penang"]
[Date "2013.12.10"]
[Round "2"]
[White "Ang, Zhen Yuan"]
[Black "Doshi, Devansh Sanjay"]
[Result "1-0"]
[WhiteElo "1772"]
[BlackElo "1489"]
[PlyCount "63"]
[EventDate "2013.12.09"]
[EventType "swiss"]
[EventRounds "9"]
[EventCountry "MAS"]
[SourceTitle "CBM 157 Extra"]
[Source "ChessBase"]
[SourceDate "2013.12.19"]
[SourceVersion "1"]
[SourceVersionDate "2013.12.19"]
[SourceQuality "1"]

1. d4 g6 2. Nf3 Nf6 3. Bf4 Bg7 4. e3 0-0 5. Be2 d6 6. h3 c5 7. c3 Na6 8. 0-0 Qb6 9. Nbd2 Be6 10. Ng5 Bd7 11. Qb3 Qxb3 12. axb3 cxd4 13. exd4 Nd5 14. Bg3 Bh6 15. Ngf3 Nf6 16. Bxa6 bxa6 17. Rfe1 Be6 18. Rxa6 Rfb8 19. b4 Nd5 20. Ne4 Bf4 21. Neg5 Bxg3 22. fxg3 Bc8 23. Ra5 e6 24. Ne4 Rb6 25. Nfd2 a6 26. Nc4 Rc6 27. Nexd6 Nb6 28. Nxc8 Raxc8 29. Ne5 R6c7 30. Rxa6 Nc4 31. Nxc4 Rxc4 32. Re5 1-0